Accounts with the most instagram followers - Statistics

General Stats
  • This quiz has been taken 88 times
    42 since last reset
  • The average score is 10 of 20
Answer Stats
# Followers Answer % Correct
3 505 Million Leo Messi
97%
2 652 Million Cristiano Ronaldo
93%
8 357 Million Kim Kardashian
73%
12 294 Million Justin Bieber
67%
14 281 Million Taylor Swift
67%
13 288 Million Kendall Jenner
63%
7 376 Million Ariana Grande
60%
6 393 Million Kylie Jenner
60%
4 421 Million Selena Gomez
60%
10 303 Million Khloe Kardashian
57%
1 687 Million Instagram
53%
20 219 Million Kourtney Kardashian
53%
9 312 Million Beyoncé
50%
5 394 Million Dwayne Johnson
47%
18 229 Million Neymar
37%
17 248 Million Jennifer Lopez
27%
11 301 Million Nike
10%
16 271 Million Virat Kohli
7%
15 278 Million National Geographic
3%
19 225 Million Nicki Minaj
3%
No matching quizzes found
Score Distribution
Percent of People with Each Score
Percentile by Number Answered
Your Score History
You have not taken this quiz since the last reset